Managing the frozen south : (Record no. 345291)
[ view plain ]
| 000 -LEADER | |
|---|---|
| fixed length control field | 00842 a2200217 4500 |
| 020 ## - INTERNATIONAL STANDARD BOOK NUMBER | |
| International Standard Book Number | 0520059972 |
| 020 ## - INTERNATIONAL STANDARD BOOK NUMBER | |
| International Standard Book Number | 9780520059979 |
| 082 04 - DEWEY DECIMAL CLASSIFICATION NUMBER | |
| Classification number | 341.2909989 |
| 090 ## - LOCALLY ASSIGNED LC-TYPE CALL NUMBER (OCLC); LOCAL CALL NUMBER (RLIN) | |
| -- | 2801 |
| -- | 2801 |
| 100 1# - MAIN ENTRY--PERSONAL NAME | |
| Personal name | Peterson, M. J. |
| 245 10 - TITLE STATEMENT | |
| Title | Managing the frozen south : |
| Remainder of title | the creation and evolution of the antarctic treaty system / |
| Statement of responsibility, etc. | M. J. Peterson. |
| 250 ## - EDITION STATEMENT | |
| Edition statement | First Edition ed. |
| 260 ## - PUBLICATION, DISTRIBUTION, ETC. | |
| Place of publication, distribution, etc. | [S.l.] : |
| Name of publisher, distributor, etc. | University of California Press, |
| Date of publication, distribution, etc. | 1988. |
| 300 ## - PHYSICAL DESCRIPTION | |
| Extent | 283 p. |
| 490 1# - SERIES STATEMENT | |
| Series statement | Studies in international political economy, vol 20. |
| 500 ## - GENERAL NOTE | |
| General note | Hardcover. |
| 830 #0 - SERIES ADDED ENTRY--UNIFORM TITLE | |
| Uniform title | Studies in international political economy, vol 20. |
| 856 40 - ELECTRONIC LOCATION AND ACCESS | |
| Materials specified | Amazon.com |
| Uniform Resource Identifier | <a href="http://www.amazon.com/exec/obidos/ASIN/0520059972/chopaconline-20">http://www.amazon.com/exec/obidos/ASIN/0520059972/chopaconline-20</a> |
| 856 40 - ELECTRONIC LOCATION AND ACCESS | |
| Materials specified | Amazon customer reviews |
| Uniform Resource Identifier | <a href="http://www.chopac.org/cgi-bin/tools/azrev.pl?q=0520059972">http://www.chopac.org/cgi-bin/tools/azrev.pl?q=0520059972</a> |
| 942 ## - ADDED ENTRY ELEMENTS (KOHA) | |
| Institution code [OBSOLETE] | NBS |
| Koha item type | Book |
| Call number prefix | 341.2909989 PET |
| Withdrawn status | Lost status | Damaged status | Not for loan | Permanent Location | Current Location | Date acquired | Total Checkouts | Full call number | Barcode | Date last seen | Date last checked out | Price effective from | Koha item type |
|---|---|---|---|---|---|---|---|---|---|---|---|---|---|
| NUST Law School (NLS) | NUST Law School (NLS) | 08/28/2013 | 1 | 341.2909989 PET | NBS1382 | 11/23/2017 | 08/16/2017 | 08/28/2013 | Book |
